Vizualizácia a editovanie diagramov viacrozmerného UML

Salvato in:
Dettagli Bibliografici
Autore principale: Zalabai, Tibor (Autore)
Altri autori: Polášek, Ivan (Relatore della tesi)
Natura: Manoscritto Libro
Lingua:slovacco
Pubblicazione: 2019
Soggetti:
Accesso online:http://is.stuba.sk/zp/portal_zp.pl?podrobnosti=135033
Tags: Aggiungi Tag
Nessun Tag, puoi essere il primo ad aggiungerne!!

MARC

LEADER 00000ntm a22000003a 4500
001 stuzp75217
003 SK-STU
005 20190622213409.6
007 ta
008 150427s2015----xo-----f-mn---000-0-slo-d
040 |a STU  |b slo 
041 0 |a slo 
100 1 |a Zalabai, Tibor  |u 070200  |4 aut  |U FIIT Fakulta informatiky a informačných technológií  |T FIIT Ústav informatiky, informačných systémov a softvérového inžinierstva  |X 86075  |U I200  |Y 179  |7 86075 
242 0 1 |a Visualization and editing of multi-dimensional UML diagrams  |y eng 
245 1 0 |a Vizualizácia a editovanie diagramov viacrozmerného UML 
260 |c 2019 
650 4 |a UML  |2 slo 
650 4 |a 3D  |2 slo 
650 4 |a vizualizácia  |2 slo 
650 4 |a editovanie  |2 slo 
650 4 |a visualization  |2 eng 
650 4 |a editing  |2 eng 
650 4 |a UML  |2 eng 
650 4 |a 3D  |2 eng 
700 1 |a Polášek, Ivan  |u 070200  |k Z1  |4 ths  |U FIIT Fakulta informatiky a informačných technológií  |T FIIT Ústav informatiky, informačných systémov a softvérového inžinierstva  |X 1426  |U I200  |Y 179  |7 1426 
856 4 |u http://is.stuba.sk/zp/portal_zp.pl?podrobnosti=135033 
996 |c I*BAP98/19  |l II680  |s P  |a 0  |w stuzp75217_0001